Investigación y desarrollo de materiales educativos para la enseñanza de las matemáticas aplicando la tecnología del "pizarrón inteligente".

Salvato in:
Dettagli Bibliografici
Autore principale: Fetter Nathansky, Helga (autor)
Altri autori: Mirabal García, Francisco (autor) (autor), Tapia Rodríguez, Maximino (autor) (autor)
Natura: Libro
Lingua:spagnolo
Serie:(Reseñas de investigación en educación básica; 6)
Soggetti:
Tags: Aggiungi Tag
Nessun Tag, puoi essere il primo ad aggiungerne!!

MARC

LEADER 00000nam^a2200000^u^4500
001 000504719
005 20250521000000.0
008 081014s1000^^^^^^^^^^^^r^^^^^000^0^spa^d
009 20260310125918.238
022 |a 9789705700491 
035 |a FCE 000048924 
037 |a Acervo ITESO - Biblioteca 
041 |a spa 
082 0 4 |a 370.11072  |b RESe 6 
100 |a Fetter Nathansky, Helga  |e (autor) 
245 1 0 |a Investigación y desarrollo de materiales educativos para la enseñanza de las matemáticas aplicando la tecnología del "pizarrón inteligente". 
246 2 |a También se conoce como Programa de fomento a la investigación educativa. 
264 |a México:  |b SEP: CONACyT,  |c 2007. 
300 |a 30 p. 
336 |a texto  |b txt  |2 rdacontenido 
337 |a sin mediación  |b n  |2 rdamedio 
338 |a volumen  |b nc  |2 rdasoporte 
440 1 |a (Reseñas de investigación en educación básica; 6) 
649 |a XX 
650 |a Tecnología educativa 
650 |a Material didáctico 
650 |a Matemáticas 
650 |a Materiales de enseñanza 
650 |a Software educativo 
650 |a Investigación educativa 
700 |a Mirabal García, Francisco  |e (autor) 
700 |a Tapia Rodríguez, Maximino  |e (autor) 
910 |a Fondo Centro de Estudios Educativos 
920 |a Impresos - Libros 
930 |a Fondos Especiales 
905 |a 133 
901 |a ALE064383  |b IT2  |c CEE  |u 20250521 
902 |a https://opac.biblio.iteso.mx/vufind/Record/000504719